000 00623nam a2200217Ia 4500
003 OSt
005 20241127124728.0
008 210210b1940 xxu||||| |||| 00| 0 eng d
040 _cAL
041 _aHindi
082 _a465/14
100 _aSABHA (D B H P)
_9145473
_dसभा (डी बी हेच पि).
245 _aLikhavat ke namune
_bलिखावट के नमूने
260 _aMadras
_bDakshin Bharat Hindi Pracha Sabha
_c1940
650 _anamune
_9145474
650 _aLikhavat
_9145475
650 _ake
_9145476
690 _aHindi Grammar
_9145477
906 _a006848
942 _2ddc
_cBK
999 _c140928
_d140928